| 000 | 00549nam a2200229 a 4500 | ||
|---|---|---|---|
| 001 | nice12345678 | ||
| 003 | IN_TiNIC | ||
| 005 | 20260116011535.0 | ||
| 008 | 050524s1939 laha grp 000 0 urd | ||
| 020 |
_a _c2.5 |
||
| 082 | 0 | 0 |
_a297.4 _bASH |
| 100 | _aAttaar, Khaja Fareeduddin | ||
| 245 | _aLisaan-Ut-Tair | ||
| 260 |
_aLahor _bS.Mubarak Ali Book Book Seller _c1939 |
||
| 300 | _a288p | ||
| 500 | _aincludes index and biblioraphy | ||
| 505 | 2 | _aAppendix | |
| 650 | _aSufism-Attar | ||
| 902 | _bSRS | ||
| 942 | _cBK | ||
| 999 |
_c2462 _d2462 |
||